00634nam a2200193 a 450000100100000000500170001000800410002702000150006804000250008310000280010824500460013626000540018230000280023649000130026450000210027783000200029895201050031899900170042300004315720201002040700.0140220s1990 ag a 001 0 spa d a9506990255 aDO-SdBNPbspacBNPHU1 aGasparini, Juan.97072013aEl Crímen de Graiver /cJuan Gasparini. aBuenos Aires, Argentina :bEdiciones Zeta,c1990. a357 p. :bil. ;c23 cm.1 aReporter aIncluye índice 0aReporter970721 001050718MOaGRbGRcCTd2014-02-20iLF1l0o p43157-10r2020-06-25w2020-06-25y1ZNo se presta c42646d42646